| 000 | 00714nam a22002057a 4500 | ||
|---|---|---|---|
| 999 |
_c235 _d235 |
||
| 003 | AR-CdUCM | ||
| 008 | 190222b ||||| |||| 00| 0 spa d | ||
| 040 |
_aMUNICIPALIDAD PROVINCIAL DEL CUSCO _cBIBLIOTECA MUNICIPAL DEL CUSCO |
||
| 041 | _hspa | ||
| 082 |
_a869.508 / _bER71 |
||
| 100 |
_aDe Erauso, Catalina _91031 |
||
| 245 |
_aHistoria de la Monja Alferez / _cDe Erauso, Catalina |
||
| 260 |
_aLima : _bBiblioteca Nacional del Perú , _c1988. |
||
| 300 |
_a102 paginas. ; _c21cm. |
||
| 505 | _aLa monja Alferez -- De saña pasa a trujillo -- Tucuman -- para la ciudad de la plata | ||
| 650 |
_aNovelas Españolas _91032 |
||
| 650 |
_asiglo XV - XVII _91033 |
||
| 942 |
_2ddc _cLIBROS |
||
| 945 |
_apjha _d2019-02-22 |
||